Loading...
Aerospatial remote sensing in geology /
| Main Author: | |
|---|---|
| Format: | Printed Book |
| Published: |
Netherlands:
AAB,
2005
|
| Subjects: |
| LEADER | 00448cam a2200145ua 4500 | ||
|---|---|---|---|
| 020 | |a 9054107251 | ||
| 082 | |a 551.41 |b SCA/A | ||
| 100 | |a Scanvic, Jean-Yves | ||
| 245 | 1 | 2 | |a Aerospatial remote sensing in geology / |
| 260 | |a Netherlands: |b AAB, |c 2005 | ||
| 300 | |a 239p. | ||
| 650 | 0 | |a Geology | |
| 942 | |c BK | ||
| 999 | |c 23902 |d 23902 | ||
| 952 | |0 0 |1 0 |4 0 |6 551_410000000000000_SCAA |7 0 |8 Stack |9 25425 |a KUCL |b KUCL |c Stack |d 2014-05-23 |l 0 |o 551.41 SCA/A |p 22367 |r 2017-03-07 |y BK | ||